000 00720nam a2200241 i 4500
001 bgj
100 1 _aSTANLEY, Linda C.
245 1 0 _aWays to writing :
_bpurpose, task, and process /
_cLinda C. Stanley, David Shimkin, Allen H. Lanner.
250 _a2nd ed.
260 _aNew York :
_bMacmillan Publishing Company,
_cc. 1988.
300 _aXXVI, 500 pp ;
_c24 cm.
505 _aIncludes index.
650 9 _aEnglish language
_xRhetoric
650 9 _aExposition (Rhetoric)
700 1 _aSHIMKIN, David.
_eco-author
700 1 _aLANNER, Allen H.
_eco-author
020 _a0024155403
040 _cBPK
041 0 _aeng
920 _a0-02-415540-3
942 _cKS
008 s uk f |000 0 eng
999 _c47598
_d47598
856 _uhttp://koha.tu.koszalin.pl/cgi-bin/koha/opac-detail.pl?biblionumber=47598
_yKatalog online BPK